MARC

LEADER 00000nam1a2200000 4500
001 153594
005 20231031151448.0
010 |a 5120016731 
020 |a RU  |b 91-18115 
035 |a (RuTPU)RU\TPU\book\166624 
035 |a RU\TPU\book\166623 
090 |a 153594 
100 |a 20090213d1991 u a0rusy5003 ca 
101 0 |a rus 
200 1 |a Аэродинамическое демпфирование колебаний лопаток турбомашин  |f Г. С. Писаренко, А. А. Каминер  |g АН УССР, Ин-т пробл. прочности 
210 |a Киев  |c Наук. думка  |d 1991 
215 |a 301,[1] с.  |c ил.  |d 22 см 
320 |a Библиогр.: с. 292-302 (217 назв.) 
610 0 |a Турбинные лопатки - Колебания - Демпфирование 
610 0 |a Турбинные лопатки - Аэродинамический расчет 
675 |a 62-135-226.2-752.2  |z rus 
686 |a 44.31.35  |2 rugasnti 
700 1 |a Писаренко  |b Георгий Степанович  |4 070 
701 1 |a Каминер  |b Аркадий Александрович  |4 070 
801 0 |a RU  |b RuMRKP  |c 19950417  |g psbo 
801 1 |a RU  |b 63413507  |c 20090213  |g PSBO 
801 2 |a RU  |b 63413507  |c 20090213  |g PSBO 
942 |c BK